=LDR 00000nam 2200000 4500 =001 INLIS000000000024931 =005 20130612123500 =008 ***********************************ind** =035 ##$$0010-061300000024931 =041 ##$$a ind =082 ##$$a 618.4 =090 ##$$a 618.4, DAN p =100 ##$$a Danuatmaja, Bonny =245 ##$$a Persalinan normal tanpa rasa sakit, Bonny Danuatmaja, Mila Meiliasari =260 ##$$a 2004 $b Jakarta =300 ##$$a viii, 144 hlm., 23 cm =650 ##$$a Kesehatan Ibu dan Anak =850 ##$$a NBPNMAT